Normal view
MARC view
- Dimarogonas, Andrew D.
Entry Personal Name
001 - CONTROL NUMBER
- control field: 41918
003 - CONTROL NUMBER IDENTIFIER
- control field: NUST
005 - DATE AND TIME OF LATEST TRANSACTION
- control field: 20210314132155.0
008 - FIXED-LENGTH DATA ELEMENTS
- fixed length control field: 210314|| aca||aabn | a|a d
040 ## - CATALOGING SOURCE
- Original cataloging agency: NUST
- Transcribing agency: NUST
100 ## - HEADING--PERSONAL NAME
- Personal name: Dimarogonas, Andrew D.
670 ## - SOURCE DATA FOUND
- Source citation: Work cat.: (NUST): Dimarogonas, Andrew D.,, Computer aided machine design /, 1988, c1989.
